Lehrbuch der Wirtschaftssoziologie

Enregistré dans:
Détails bibliographiques
Auteur principal: Buss, Eugen
Format: Livre
Langue:allemand
Publié: Berlin Gruyter 1985
Édition:1. Aufl.
Tags: Ajouter un tag
Pas de tags, Soyez le premier à ajouter un tag!

MARC

LEADER 00000nam a2200000 4500
001 c031988
005 20221220075639.8
041 0 |a ger 
044 |a DE 
245 1 0 |a Lehrbuch der Wirtschaftssoziologie  |c Eugen Buss 
250 |a 1. Aufl. 
264 1 |a Berlin  |b Gruyter  |c 1985 
300 |a 272 s. 
100 1 |a Buss, Eugen